Alle Europacupgegner von Borussia Dortmund - Statistiken

Allgemein
  • Dieses Quiz wurde 99 mal gespielt
  • Das Durchschnittsergebnis liegt bei 118 aus 159
Antwortstatistiken
Saison Wettbewerb Runde Heim Auswärts Nation Gegner % Korrekt
1997/98 CL Halb 0-0 0-2 Spanien Real Madrid
99%
2002/03 CL Gruppe 1-1 1-2 Spanien Real Madrid
99%
2012/13 CL Gruppe 2-1 2-2 Spanien Real Madrid
99%
2012/13 CL Halb 4-1 0-2 Spanien Real Madrid
99%
2013/14 CL Viertel 2-0 0-3 Spanien Real Madrid
99%
2016/17 CL Gruppe 2-2 2-2 Spanien Real Madrid
99%
2017/18 CL Gruppe 1-3 2-3 Spanien Real Madrid
99%
2023/24 CL Finale 0-2 London Spanien Real Madrid
99%
2024/25 CL Gruppe 2-5 Spanien Real Madrid
99%
1957/58 Landesmeister Viertel 1-1 1-4 Italien AC Mailand
97%
2001/02 UEFA Halb 4-0 1-3 Italien AC Mailand
97%
2002/03 CL Gruppe 0-1 1-0 Italien AC Mailand
97%
2023/24 CL Gruppe 0-0 3-1 Italien AC Mailand
97%
1963/64 Landesmeister Halb 2-2 0-2 Italien Inter Mailand
97%
1993/94 UEFA Viertel 1-3 2-1 Italien Inter Mailand
97%
2019/20 CL Gruppe 3-2 0-2 Italien Inter Mailand
97%
2010/11 Euro League Gruppe 1-1 0-0 Frankreich Paris Saint Germain
97%
2019/20 CL Achtel 2-1 0-2 Frankreich Paris Saint Germain
97%
2023/24 CL Gruppe 1-1 0-2 Frankreich Paris Saint Germain
97%
2023/24 CL Halb 1-0 1-0 Frankreich Paris Saint Germain
97%
1997/98 CL Viertel 1-0n.V 0-0 Deutschland FC Bayern München
96%
2012/13 CL Finale 1-2 London Deutschland FC Bayern München
96%
2012/13 CL Gruppe 1-0 1-1 England Manchester City
96%
2020/21 CL Viertel 1-2 1-2 England Manchester City
96%
2022/23 CL Gruppe 0-0 1-2 England Manchester City
96%
1987/88 UEFA 1 2-0 1-2 Schottland Celtic Glasgow
94%
1992/93 UEFA 2 1-0 2-1 Schottland Celtic Glasgow
94%
2024/25 CL Gruppe 7-1 Schottland Celtic Glasgow
94%
2019/20 CL Gruppe 0-0 1-3 Spanien FC Barcelona
92%
2024/25 CL Gruppe 2-3 Spanien FC Barcelona
92%
2024/25 CL Viertel 3-1 0-4 Spanien FC Barcelona
92%
1992/93 UEFA Finale 1-3 0-3 Italien Juventus Turin
92%
1994/95 UEFA Halb 1-2 2-2 Italien Juventus Turin
92%
1995/96 CL Gruppe 1-3 2-1 Italien Juventus Turin
92%
1996/97 CL Finale 3-1 München Italien Juventus Turin
92%
2014/15 CL Achtel 0-3 1-2 Italien Juventus Turin
92%
1963/64 Landesmeister 1 5-0 1-2 Portugal Benfica Lissabon
91%
2016/17 CL Achtel 4-0 0-1 Portugal Benfica Lissabon
91%
1965/66 Pokalsieger Finale 2-1n.V Glasgow England FC Liverpool
91%
2001/02 CL Gruppe 0-0 0-2 England FC Liverpool
91%
2015/16 Euro League Viertel 1-1 3-4 England FC Liverpool
91%
1994/95 UEFA Viertel 2-0 0-1 Italien Lazio Rom
91%
1956/57 Landesmeister 1 0-0 2-3 England Manchester United
91%
1964/65 Messestädte 2 1-6 0-4 England Manchester United
91%
1996/97 CL Halb 1-0 1-0 England Manchester United
91%
2016/17 CL Gruppe 1-0 2-1 Portugal Sporting Lissabon
91%
2021/22 CL Gruppe 1-0 1-3 Portugal Sporting Lissabon
91%
2024/25 CL Play Offs 0-0 3-0 Portugal Sporting Lissabon
91%
1995/96 CL Viertel 0-2 0-1 Niederlande Ajax Amsterdam
90%
2012/13 CL Gruppe 1-0 4-1 Niederlande Ajax Amsterdam
90%
2021/22 CL Gruppe 1-3 0-4 Niederlande Ajax Amsterdam
90%
1965/66 Pokalsieger Viertel 1-0 1-1 Spanien Atletico Madrid
90%
1996/97 CL Gruppe 1-2 1-0 Spanien Atletico Madrid
90%
2018/19 CL Gruppe 4-0 0-2 Spanien Atletico Madrid
90%
2023/24 CL Viertel 4-2 1-2 Spanien Atletico Madrid
90%
2010/11 Euro League Gruppe 0-1 2.2 Spanien FC Sevilla
90%
2020/21 CL Achtel 2-2 3-2 Spanien FC Sevilla
90%
2022/23 CL Gruppe 1-1 4-1 Spanien FC Sevilla
90%
1966/67 Pokalsieger 2 0-0 1-2 Schottland Glasgow 'Rangers
90%
1995/96 CL Gruppe 2-2 2-2 Schottland Glasgow Rangers
90%
1999/00 UEFA 3 2-0n.V 0-23-1 n.E Schottland Glasgow Rangers
90%
2021/22 Euro Quali 2-4 2-2 Schottland Glasgow Rangers
90%
1992/93 UEFA Viertel 2-0 0-1 Italien AS Rom
88%
2002/03 CL Gruppe 2-1 0-2 England FC Arsenal
88%
2011/12 CL Gruppe 1-1 1-2 England FC Arsenal
88%
2013/14 CL Gruppe 0-1 2-1 England FC Arsenal
88%
2014/15 CL Gruppe 2-0 0-2 England FC Arsenal
88%
2001/02 UEFA 3 1-0 1-0 Dänemark FC Kopenhagen
88%
2022/23 CL Gruppe 3-0 1-1 Dänemark FC Kopenhagen
88%
2017/18 Euro League Achtel 1-2 0-0 Österreich FC Salzburg
88%
2011/12 CL Gruppe 2-3 0-3 Frankreich Olympique Marseille
88%
2013/14 CL Gruppe 3-0 2-1 Frankreich Olympique Marseille
88%
2019/20 CL Gruppe 2-1 2-0 Tschechien Slavia Prag
88%
2024/25 CL Gruppe 3-0 Kroatien Dinamo Zagreb
87%
2022/23 CL Achtel 1-0 0-2 England FC Chelsea
87%
2002/03 CL Gruppe 1-1 3-1 Niederlande PSV Eindhoven
87%
2023/24 CL Achtel 2-0 1-1 Niederlande PSV Eindhoven
87%
2001/02 CL Gruppe 2-1 1-2 Portugal Boavista Porto
86%
1987/88 UEFA 3 3-0 0-5n.V Belgien FC Brügge
86%
2003/04 CL Quali 2-1n.V 1-22-4 n.E Belgien FC Brügge
86%
2018/19 CL Gruppe 0-0 1-0 Belgien FC Brügge
86%
2020/21 CL Gruppe 3-0 3-0 Belgien FC Brügge
86%
2024/25 CL Gruppe 3-0 Belgien FC Brügge
86%
2015/16 Euro League 16 2-0 1-0 Portugal FC Porto
86%
1997/98 CL Gruppe 4-1 1-0 Türkei Galatasaray Istanbul
86%
1999/00 UEFA Achtel 0-0 0-2 Türkei Galatasaray Istanbul
86%
2014/15 CL Gruppe 4-1 4-0 Türkei Galatasaray Istanbul
86%
2020/21 CL Gruppe 1-1 1-3 Italien Lazio Rom
86%
1997/98 CL Gruppe 4-1 3-0 Tschechien Sparta Prag
86%
2013/14 CL Achtel 1-2 4-2 Russland Zenit St. Petersburg
86%
2020/21 CL Gruppe 2-0 2-1 Russland Zenit St. Petersburg
86%
2013/14 CL Gruppe 3-1 1-2 Italien SSC Neapel
84%
2015/16 Euro League Achtel 3-0 2-1 England Tottenham Hotspur
83%
2017/18 CL Gruppe 1-2 1-3 England Tottenham Hotspur
83%
2018/19 CL Achtel 0-1 0-3 England Tottenham Hotspur
83%
2016/17 CL Viertel 2-3 1-3 Frankreich AS Monaco
82%
2018/19 CL Gruppe 3-0 2-0 Frankreich AS Monaco
82%
2016/17 CL Gruppe 8-4 6-0 Polen Legia Warschau
82%
1989/90 Pokalsieger 1 2-1 1-0 Türkei Besiktas Istanbul
79%
2021/22 CL Gruppe 5-0 2-1 Türkei Besiktas Istanbul
79%
2001/02 UEFA Achtel 0-0 1-1Auswärtstorregel Frankreich OSC Lille
78%
2024/25 CL Achtel 1-1 2-1 Frankreich OSC Lille
78%
2017/18 Euro League 16 3-2 1-1 Italien Atalanta Bergamo
77%
2001/02 CL Quali 3-1 2-0 Ukraine Schachtar Donezk
74%
2012/13 CL Achtel 3-0 2-2 Ukraine Schachtar Donezk
74%
2024/25 CL Gruppe 3-1 Ukraine Schachtar Donezk
74%
1995/96 CL Gruppe 1-0 0-0 Rumänien Steaua Bukarest
74%
1996/97 CL Gruppe 5-3 3-0 Rumänien Steaua Bukarest
74%
1965/66 Pokalsieger 1 3-0 2-4 Bulgarien ZSKA Sofia
74%
2001/02 CL Gruppe 1-0 2-2 Ukraine Dynamo Kiew
73%
2002/03 CL Gruppe 3-0 2-1 Russland Lokomotive Moskau
73%
2023/24 CL Gruppe 2-0 1-0 England Newcastle United
71%
1999/00 CL Gruppe 1-1 1-1 Niederlande Feyenoord Rotterdam
70%
2001/02 UEFA Finale 2-3 Rotterdam Niederlande Feyenoord Rotterdam
70%
2024/25 CL Gruppe 1-0 Österreich SK Sturm Graz
70%
1990/91 UEFA 3 2-1 0-1Auswärtstorregel Belgien RSC Anderlecht
66%
2014/15 CL Gruppe 1-1 3-0 Belgien RSC Anderlecht
66%
1963/64 Landesmeister Viertel 1-3 4-0 Tschechoslowakei FK Dukla Prag
65%
2012/13 CL Viertel 3-2 0-0 Spanien FC Malaga
64%
2024/25 CL Gruppe 1-2 Italien FC Bologna
62%
2003/04 UEFA 1 1-0 2-1 Österreich FK Austria Wien
62%
2017/18 CL Gruppe 1-1 1-1 Zypern APOEL Nikosia
60%
1957/58 Landesmeister 1 3-1 2-43. Spiel 3-1 Rumänien CCA Bukarest
58%
2011/12 CL Gruppe 1-0 1-3 Griechenland Olympiakos Piräus
58%
1999/00 CL Gruppe 0-3 2-2 Norwegen Rosenborg Trondheim
57%
2015/16 Euro League Gruppe 0-1 1-1 Griechenland PAOK Thessaloniki
56%
1964/65 Messestädte 1 4-1 0-2 Frankreich Girodins Bordeaux
55%
1989/90 Pokalsieger 2 1-1 0-2 Italien Sampdoria Genua
52%
1994/95 UEFA 2 3-0 1-2 Slowakei SK Slovan Bratislava
49%
2008/09 UEFA 1 2-0n.V 0-23-4 n.E Italien Udinese Calcio
47%
1994/95 UEFA 3 3-1n.V 0-1 Spanien Deportivo La Coruna
44%
1965/66 Pokalsieger Halb 3-1 2-1 England West Ham United
43%
1997/98 CL Gruppe 2-0 0-1 Italien AC Parma
42%
1963/64 Landesmeister Quali 3-1 4-2 Norwegen Lyn Oslo
42%
2010/11 Euro League Quali 4-0 1-0 Aserbaidschan FK Qarabag Agdam
40%
1993/94 UEFA 3 1-0 1-1 Dänemark Bröndby IF
39%
2015/16 Euro League Quali 5-0 1-0 Österreich Wolfsberger AC
38%
1992/93 UEFA Halb 2-0 0-26-5 n.E Frankreich AJ Auxerre
34%
1996/97 CL Viertel 3-1 1-0 Frankreich AJ Auxerre
34%
2002/03 CL Gruppe 2-1 0-1 Frankreich AJ Auxerre
34%
1956/57 Landesmeister Quali 4-3 1-2 Luxemburg Spora Luxemburg
32%
2015/16 Euro League Gruppe 2-1 0-1 Russland FK Krasnodar
30%
1999/00 CL Gruppe 3-1 0-1 Portugal Boavista Porto
27%
2010/11 Euro League Gruppe 3-0 4-3 Ukraine Karpaty Lwiw
26%
1990/91 UEFA 1 2-0 2-0 DDR Chemnitzer FC
25%
1993/94 UEFA 2 2-1 0-0 Slowenien NK Maribor
25%
1996/97 CL Gruppe 2-1 2-2 Polen Widzew Lodz
25%
1992/93 UEFA 3 3-1 1-2 Spanien Real Saragossa
23%
2015/16 Euro League Play offs 7-2 4-3 Norwegen Odds BK
21%
2003/04 UEFA 2 2-2 0-4 Frankreich FC Sochaux
19%
2001/02 UEFA Viertel 4-0 0-0 Tschechien Slovan Liberec
18%
1999/00 CL Quali 1-0 1-0 Tschechien FK Teplice
13%
1994/95 UEFA 1 1-0 2-0 Schottland FC Motherwell
12%
1990/91 UEFA 2 1-0 3-0 Rumänien FC Universitatea Craiova
10%
1965/66 Pokalsieger Quali 8-0 5-1 Malta FC Floriana
8%
1992/93 UEFA 1 7-2 1-0 Malta FC Floriana
8%
1987/88 UEFA 2 2-0 1-2 Jugoslawien FK Velez Mostar
8%
2015/16 Euro League Gruppe 4-0 3-1 Aserbaidschan FK Qebele
6%
1993/94 UEFA 1 0-0 1-0 Russland Spartak Wladikawkas
5%
Keine übereinstimmenden Quizze gefunden
Verteilung der Resultate
Anzahl Personen mit jedem Resultat
Perzentil nach korrekt beantworteten Fragen
Ihre Resultats-Entwicklung
Sie haben dieses Quiz noch nicht gespielt